000 03485cam a22012134i 4500
003 PE-LiUPU
005 20250813185415.0
008 150616s1968 sp rb 000 0 spa d
035 _a(Sirsi) a2417
040 _aPE-LiUPU
_bspa
_cPE-LiUPU
_dPE-LiUPU
_erda
049 _aPRUA
082 0 4 _a370.3
_bB10
_221
100 1 _aFau, René,
_eautor.
245 1 0 _aGrupos de niños y de adolescentes.
_n10 /
_cRené Fau [traducción por A. Torrents].
264 1 _aBarcelona :
_bEditorial Luis Miracle,
_c1968.
300 _a156 páginas ;
_c19 centímetros
336 _atext
_2rdacontent
337 _aunmediated
_2rdamedia
338 _avolume
_2rdacarrier
490 0 _aBiblioteca del Educador. Paideia ;
_v10
504 _aIncluye bibliografía.
505 0 _aTipos clínicos de grupos -- El problema de la agrupación en la edad preescolar -- Dinámica general del grupo -- El grupo de edad escolar. Problemas de adaptación -- Caracteres generales del grupo de adolescentes -- Grupo de adolescentes anteriormente adaptados -- Grupo de adolescentes no adaptados -- El jefe y el outsider -- Concepto del grupo en neuropsiquiatría infantil -- El grupo y la educación normal -- Los grupos reeducativos -- Grupos reeducativos para débiles mentales -- Grupos reeducativos en los trastornos de la conducta y del comportamiento -- El grupo en el niño y el adolescente abandonado.
526 _aP202
526 _aP201
526 _aP163
526 _aP162
526 _aP161
526 _aP160
526 _aP148
526 _aP147
526 _aP146
526 _aP145
526 _aP144
526 _aP143
526 _aP142
526 _aP141
526 _aP140
526 _aP139
526 _aP138
526 _aP137
526 _aP136
526 _aP135
526 _aP134
526 _aP133
526 _aP129
526 _aP128
526 _aP127
526 _aP120
526 _aP119
526 _aP118
526 _aP116
526 _aP115
526 _aP114
526 _aP110
526 _aP109
526 _aP108
526 _aP104
526 _aP103
526 _aP102
526 _aP99
526 _aP98
526 _aP97
526 _aP96
526 _aP95
526 _aP93
526 _aP90
526 _aP89
526 _aP88
526 _aP83
526 _aP82
526 _aP62
526 _aP59
526 _aP58
526 _aP57
526 _aP51
526 _aP49
526 _aP48
526 _aP47
526 _aP29
526 _aP24
526 _aP20
526 _aP19
526 _aP17
526 _aP15
526 _aP14
526 _aP12
526 _aP10
526 _aP09
526 _aP08
526 _aP07
526 _aP06
526 _aP05
526 _aP04
526 _aP01
650 0 4 _aNiños
_xPsicología.
_91899
650 0 4 _aAdolescentes
_xPsicología.
910 _ajck
_bjvq
_cjck
942 _2ddc
_cBOOK
949 _a370.3 B10 10
_wDEWEY
_c1
_i09276
_lCCODEBUL1
_mBUL
_p28.00
_r0
_sY
_tBOOK
_u2015-04-23
_xEDUCACION
_PP20
_0COMPRA
_o.STAFF. Colección General
994 _aC0
_bPEPRU
596 _a1
999 _a370.3 B10 10
_wDEWEY
_c27278
_i09276
_d27278
_e2019-9-19
_f2021-11-5
_g5
_lCCODEBUL1
_mBUL
_n1
_p28.00
_q1
_r0
_sY
_tBOOK
_u2015-4-23
_xBIBLIOTECA
_PP20
_0COMPRA
_o.STAFF. Colección Ciencias Humanas y Educación
980 _81
_gALBERTO SANCHEZ Responsable de Automatización